| 000 | 00398 a2200133 4500 | ||
|---|---|---|---|
| 001 | 92223 | ||
| 082 | _aPR 2488 | ||
| 090 |
_c44183 _d44182 |
||
| 100 | _aFaria Mazhar; Prof Nadeem Shafi Khan and Farooq bin Akram (Advisors) | ||
| 245 |
_aErgonomic Analysis of an Advanced fighter Aircraft Cockpit _h78 "A" EC |
||
| 260 |
_aIslamabad _bNUST _c2015 |
||
| 300 | _axv,96p. | ||
| 500 | _aBE Project Report | ||
| 942 |
_aCAE NUST _kPR 2488 |
||
| 999 |
_c327296 _d327296 |
||